Learning Resource and Development

Physical activity towards health and fitness (PATH-FIT DANCE) : (Record no. 28941)

MARC details
000 -LEADER
fixed length control field 01476nam a2200337 i 4500
003 - CONTROL NUMBER IDENTIFIER
control field CSPC
005 - DATE AND TIME OF LATEST TRANSACTION
control field 20260114131252.0
007 - PHYSICAL DESCRIPTION FIXED FIELD--GENERAL INFORMATION
fixed length control field ta
008 - FIXED-LENGTH DATA ELEMENTS--GENERAL INFORMATION
fixed length control field 250226s2022 ph a b 000 0 eng d
020 ## - INTERNATIONAL STANDARD BOOK NUMBER
International Standard Book Number 9789719655107
040 ## - CATALOGING SOURCE
Original cataloging agency CSPC
Language of cataloging eng
Transcribing agency CSPC
Description conventions rda
082 04 - DEWEY DECIMAL CLASSIFICATION NUMBER
Classification number 793.3
Item number B933p
100 1# - MAIN ENTRY--PERSONAL NAME
Personal name Bulalatao, Mary Grace Medina,
Relator term author.
245 10 - TITLE STATEMENT
Title Physical activity towards health and fitness (PATH-FIT DANCE) :
Remainder of title folk dance, cheer dance, contemporary dance, hip-hop, social dances /
Statement of responsibility, etc. Mary Grace Medina-Bulatao, [and 7 others].
264 #1 - PRODUCTION, PUBLICATION, DISTRIBUTION, MANUFACTURE, AND COPYRIGHT NOTICE
Place of production, publication, distribution, manufacture Manila :
Name of producer, publisher, distributor, manufacturer Mindshapers Co., Inc.,
Date of production, publication, distribution, manufacture, or copyright notice 2022.
300 ## - PHYSICAL DESCRIPTION
Extent viii, 174 pages :
Other physical details illustrations ;
Dimensions 23 cm.
336 ## - CONTENT TYPE
Source rdacontent
Content type term text
337 ## - MEDIA TYPE
Source rdamedia
Media type term unmediated
338 ## - CARRIER TYPE
Source rdacarrier
Carrier type term volume
504 ## - BIBLIOGRAPHY, ETC. NOTE
Bibliography, etc. note Includes bibliographical references.
505 0# - FORMATTED CONTENTS NOTE
Formatted contents note Folk dance -- Cheer dance or cheerleading -- Contemporary dances -- Social dance -- Street dance and hip-hop.
650 #4 - SUBJECT ADDED ENTRY--TOPICAL TERM
Topical term or geographic name entry element Physical Activity
General subdivision Dances
Geographic subdivision Philippines
700 1# - ADDED ENTRY--PERSONAL NAME
Personal name Astillero, Gina T.,
Relator term author.
700 1# - ADDED ENTRY--PERSONAL NAME
Personal name Limbo, Charis B.,
Relator term author.
700 1# - ADDED ENTRY--PERSONAL NAME
Personal name Balacuit, Castor V.,
Relator term author.
700 1# - ADDED ENTRY--PERSONAL NAME
Personal name Buedron, Nimfa F.,
Relator term author.
700 1# - ADDED ENTRY--PERSONAL NAME
Personal name Mondina, Marilou C.,
Relator term author.
700 1# - ADDED ENTRY--PERSONAL NAME
Personal name Munzon-Luna, Christine Joy C.,
Relator term author.
942 ## - ADDED ENTRY ELEMENTS (KOHA)
Source of classification or shelving scheme Dewey Decimal Classification
Suppress in OPAC No
Koha item type Books
Classification part 793.3
Item part B933p
Call number prefix FIL
Call number suffix 2022
Holdings
Withdrawn status Lost status Source of classification or shelving scheme Damaged status Not for loan Home library Current library Shelving location Date acquired Total Checkouts Full call number Barcode Date last seen Copy number Price effective from Koha item type
    Dewey Decimal Classification     Buhi Campus Buhi Campus Filipiniana Section 02/26/2025   FIL 793.3 B933p 2022 001492-BUH 02/26/2025 2-4 02/26/2025 Books
    Dewey Decimal Classification     Buhi Campus Buhi Campus Filipiniana Section 02/26/2025   FIL 793.3 B933p 2022 001491-BUH 02/26/2025 1-4 02/26/2025 Books
    Dewey Decimal Classification     Buhi Campus Buhi Campus Filipiniana Section 10/28/2025   FIL 793.3 B933p 2022 001913-BUH 01/14/2026 3-4 01/14/2026 Books
    Dewey Decimal Classification     Buhi Campus Buhi Campus Filipiniana Section 10/28/2025   FIL 793.3 B933p 2022 001914-BUH 01/14/2026 4-4 01/14/2026 Books
    Dewey Decimal Classification     Main Library Main Library Filipiniana Section 03/11/2025   FIL 793.3 B933p 2022 029216 03/11/2025 1-3 03/11/2025 Books
    Dewey Decimal Classification     Main Library Main Library Filipiniana Section 03/11/2025   FIL 793.3 B933p 2022 029217 03/11/2025 2-3 03/11/2025 Books
    Dewey Decimal Classification     Main Library Main Library Filipiniana Section 03/11/2025   FIL 793.3 B933p 2022 029218 03/11/2025 3-3 03/11/2025 Books